书目信息 |
| 题名: |
计算机网络与Internet教程
|
|
| 作者: | 张尧学 编著 | |
| 分册: | ||
| 出版信息: | 北京 清华大学出版社 1999.07 |
|
| 页数: | 370页 | |
| 开本: | 16开 | |
| 丛书名: | ||
| 单 册: | ||
| 中图分类: | TP393.4 | |
| 科图分类: | ||
| 主题词: | 计算机应用 | |
| 电子资源: | ||
| ISBN: | 7-302-03573-3 | |
| 000 | 00584nam0 2200193 45 | |
| 001 | 0004241423 | |
| 005 | 20010605154300.4 | |
| 010 | @a7-302-03573-3@d24.50元 | |
| 100 | @a20000424d1999 km y0chiy0120 ea | |
| 101 | @achi | |
| 105 | @a z 000yy | |
| 200 | 1 | @a计算机网络与Internet教程@AJi Suan Ji Wang Luo Yu Internet Jiao Cheng@f张尧学等编著@FZhang Yao Xue Deng Bian Zhu |
| 210 | @a北京@c清华大学出版社@d1999.07 | |
| 215 | @a370页@d16开 | |
| 606 | 0 | @a计算机应用 |
| 690 | @aTP393.4@v3 | |
| 701 | @a张尧学@4编著 | |
| 801 | @aCN@bPftUser@c20000424 | |
| 905 | @dTP393.4@eZH903@b62181@f1 | |
| 计算机网络与Internet教程/张尧学等编著.-北京:清华大学出版社,1999.07 |
| 370页;16开 |
| ISBN 7-302-03573-3:24.50元 |
| ● |
| 相关链接 |
|
|
|
正题名:计算机网络与Internet教程
索取号:TP393.4/ZH903
 
预约/预借
| 序号 | 登录号 | 条形码 | 馆藏地/架位号 | 状态 | 备注 |
| 1 | 62181 | 200621817 | 自科二线504/504自科库 6排3列4层/ [索取号:TP393.4/ZH903] | 在馆 | |
| 2 | 62182 | 200621826 | 自科二线504/504自科库 6排3列4层/ [索取号:TP393.4/ZH903] | 在馆 | |
| 3 | 62183 | 200621835 | 自科二线504/504自科库 6排3列4层/ [索取号:TP393.4/ZH903] | 在馆 |